000 00596cam a22002171 4500
001 he 67001577
003 DLC
005 20260227111449.0
008 851018s1967 is c 000 0 hebr
010 _ahe 67001577
035 _a(OCoLC)12691218
040 _aDLC
_cDGW
_dDGW
_dDLC
042 _apremarc
050 0 0 _aPJ5054.T397
_bS5
100 1 _aTene, Benjamin,
_d1914-1999.
245 1 0 _aShirim u-foémot
_c[meét] Binyamin Tene.
260 _aMerḥavyah,
_bSifriyat Poʻalim
_c[1967]
300 _a408 p.
_bport.
_c23 cm.
500 _aTitle on added t.p.: Poems.
500 _aVocalized.
999 _c32552
_d32552